01725nam a22001217a 4500008004100000100002100041245016100062260002800223300003200251520121400283650007801497773002801575230222b ||||| |||| 00| 0 eng d aPunjabi, Shalini aChasing elite higher education: Shadow education and middle-class strategies of credentialism around the Indian institute of technology, Joint entrance exam aSociological Bulletin  a71(2), Apr, 2022: p.193-209 aThe higher education system in India is creating newer structures of hierarchy and differentiation to become distinct. This is largely due to the rising demand for professional education, the returns of which are perceived to be higher than a general degree. Middle-class families have always operated within distinctive structural frameworks to contest for social cachet through education. In India, one such arena is the Indian Institute of Technology (IIT). To determine who is meritorious enough to secure an IIT seat, the Joint Entrance Exam (JEE) has become the arbiter where merit is the relative rank of contestants and shadow education a key training site to ace the JEE. This article is based on a sociological analysis of family credentialing strategies around shadow education that prepares aspirants for the IIT-JEE. Drawing on an analysis of the middle class in Delhi, I discuss how these strategies are feeding fodder to the aspirants’ dream of pursuing an IIT degree and exacerbating educational stratification. I also show how the private coaching market in India reinforces this divide by way of a segregation policy which incentivises a few to secure higher ranks in the JEE.- Reproduced  aHigher education, Shadow education, Middle class, Credentalism, IIT-JEE.  aSociological Bulletin